Counselling skills for dummies / (Record no. 19445)

MARC details
000 -LEADER
fixed length control field 00487nam a22001937a 4500
003 - CONTROL NUMBER IDENTIFIER
control field OSt
008 - FIXED-LENGTH DATA ELEMENTS--GENERAL INFORMATION
fixed length control field 230420b2013 |||||||| |||| 00| 0 eng d
020 ## - INTERNATIONAL STANDARD BOOK NUMBER
International Standard Book Number 9788126545346
082 ## - DEWEY DECIMAL CLASSIFICATION NUMBER
Classification number 158.3
Item number EVA-C
100 ## - MAIN ENTRY--PERSONAL NAME
Personal name Evans, Gail
245 ## - TITLE STATEMENT
Title Counselling skills for dummies /
Statement of responsibility, etc Gail Evans
250 ## - EDITION STATEMENT
Edition statement 2nd ed.
260 ## - PUBLICATION, DISTRIBUTION, ETC. (IMPRINT)
Place of publication, distribution, etc New Delhi :
Name of publisher, distributor, etc Wiley,
Date of publication, distribution, etc 2013.
300 ## - PHYSICAL DESCRIPTION
Extent / Pages xvi, 330p. ;
650 ## - SUBJECT ADDED ENTRY--TOPICAL TERM
Topical term or geographic name as entry element Counseling
650 ## - SUBJECT ADDED ENTRY--TOPICAL TERM
Topical term or geographic name as entry element Counseling psychology
650 ## - SUBJECT ADDED ENTRY--TOPICAL TERM
Topical term or geographic name as entry element Psychology
942 ## - ADDED ENTRY ELEMENTS (KOHA)
Koha item type Books
Source of classification or shelving scheme
942 ## - ADDED ENTRY ELEMENTS (KOHA)
-- 1
Holdings
Withdrawn status Lost status Source of classification or shelving scheme Damaged status Not for loan Home library Current library Date acquired Source of acquisition Currency Cost, normal purchase price Full call number Barcode Date last seen Copy number Bill Date Koha item type Bill Number Total Checkouts Date last borrowed
          SOBD Library SOBD Library 20/04/2023 Vedi Books INR 399.00 158.3 EVA-C1 002504 20/04/2023 1 15/04/2023 Reference Books VEDI/23-24/04/09    
          SOBD Library SOBD Library 20/04/2023 Vedi Books INR 399.00 158.3 EVA-C2 002505 06/02/2025 2 15/04/2023 Books VEDI/23-24/04/09 1 23/09/2024
          SOBD Library SOBD Library 20/04/2023 Vedi Books INR 399.00 158.3 EVA-C3 002506 20/04/2023 3 15/04/2023 Books VEDI/23-24/04/09    
          SOBD Library SOBD Library 20/04/2023 Vedi Books INR 399.00 158.3 EVA-C4 002507 20/04/2023 4 15/04/2023 Books VEDI/23-24/04/09    
          SOBD Library SOBD Library 20/04/2023 Vedi Books INR 399.00 158.3 EVA-C5 002508 20/04/2023 5 15/04/2023 Books VEDI/23-24/04/09    
          SOBD Library SOBD Library 20/04/2023 Vedi Books INR 399.00 158.3 EVA-C6 002509 20/04/2023 6 15/04/2023 Books VEDI/23-24/04/09    
Hosted, Implemented, Customized & Maintained by: BestBookBuddies

Powered by Koha